000 00789nam a2200253Ia 4500
003 OSt
005 20221005104524.0
006 a|||||r|||| 00| 0
007 ta
008 221004b |||||||| |||| 00| 0 hin d
024 _a29142
037 _cTextual
040 _aCRL
_cCRL
_bhin
041 _2hin
_ahin
082 _aO152,1N34,RN, N9
100 _aमधुप, पृथ्वीनाथ
245 0 _aरूकी नदी
246 _aRūkī nadī
260 _aदिल्ली
_bयात्री प्रकाशन भारत
_c1999
300 _a63पृ0
_ccm.
650 _aहिन्दी साहित्य
942 _hO152,1N34,RN, N9
_cTEXL
_2cc
999 _c1012970
_d1012970